LEADER 00812nam0-2200301---450- 001 990010095880403321 005 20160831104921.0 010 $a9781118074800 035 $a001009588 035 $aFED01001009588 035 $a(Aleph)001009588FED01 035 $a001009588 100 $a20160831d2012----km-y0itay50------ba 101 0 $aeng 102 $aUS 105 $aa-------001yy 200 1 $aPower electronics$ea first course$fNed Mohan 210 $aHoboken, N.J.$cJohn Wiley & sons$dİ2012 215 $axiii, 270 p.$cill.$d24 cm 610 0 $aElettronica di potenza$aManuale 676 $a621.317 700 1$aMohan,$bNed 801 0$aIT$bUNINA$gRICA$2UNIMARC 901 $aBK 912 $a990010095880403321 952 $a10 E I 437$bBIBLIODIETI30/2016$fDINEL 959 $aDINEL 997 $aUNINA LEADER 01122nam0-2200385---450 001 990005732760203316 005 20190403125018.0 035 $a000573276 035 $aUSA01000573276 035 $a(ALEPH)000573276USA01 035 $a000573276 100 $a20071211d1977----|||y0itaa50------ba 101 $aita 102 $ait 105 $a0 00||| 200 1 $aRicognizione della semiotica$etre lezioni di Emilio Garroni 210 $aRoma$cOfficina Edizioni$dc1977 215 $a154 p.$d24 cm. 225 2 $aSegno e interpretazione$fcollana diretta da Pietro Montani$v1 410 0$12001$aSegno e interpretazione$v1 606 $aSEMIOTICA$xSTUDI$2F 620 $dROMA 676 $a121.68 700 1$aGARRONI,$bEmilio$033138 801 0$aIT$bSA$c20111219 912 $a990005732760203316 950 0$aDipar.to di Filosofia - Salerno$dDFCC 121.68 GAR$e369 FIL 951 $aCC 121.68 GAR$b369 FIL 959 $aBK 969 $aFIL 979 $c20121027$lUSA01$h1526 979 $c20121027$lUSA01$h1615 996 $aRicognizione della semiotica$91083044 997 $aUNISA NUM $aSA0022942